| 000 | 00665nam a2200229 a 4500 | ||
|---|---|---|---|
| 001 | BRCA_6523 | ||
| 005 | 20190320205505.0 | ||
| 008 | 280911s1882----gw-a######---#000-0#ger-# | ||
| 041 | _ager | ||
| 044 | _agw | ||
| 050 | 4 |
_aPT883 _b.E84 1882 |
|
| 100 | 1 |
_aEulenspiegel, Till _916279 |
|
| 245 | 1 | 0 |
_aDas Volksbuch _cTill Eulenspiegel; nach der ältesten Ausgabe von 1519 Einleitung von Karl Pannier. |
| 260 |
_aLeipzig _bPhilipp Reclam _c1882 |
||
| 300 |
_a196 p. _bil. _c14 cm. |
||
| 500 | _aL61 | ||
| 650 | 1 | 4 |
_aLiteratura Alemana _96160 |
| 650 | 1 | 4 |
_aCuentos alemanes _910273 |
| 700 | 1 |
_aPannier, Karl _eintroducción. _916280 |
|
| 902 | _aGFM | ||
| 942 |
_2lcc _cB |
||
| 999 |
_c6207 _d6207 |
||